000 00447nam a2200181Ia 4500
005 20240823005930.0
008 240823s9999||||xx |||||||||||||| ||und||
041 _aENGLISH
082 _A363.728 N7
100 _a"Datta,Manoj (ed)"
245 0 _aWaste Disposal in engineered landfills
250 _a1st
260 _c1997
_b"Narasa,New Delhi"
500 _aYES
650 _aManagement
_bManagement Studies
942 _cBK
999 _c157143
_d157143